000
00306nam a22001097a 4500
008
160518b xxu||||| |||| 00| 0 eng d
020
_a
0803605358
041
_a
eng
080
_a
615
245
_a
Pharmacotherapeutics for nurse, practitioner, prescribers:
_c
Anita Lee Wynne; Teri Moser Woo;
942
_2
udc
_c
BK
999
_c
2212
_d
2212